Financial management : (Record no. 2811)
[ view plain ]
| 000 -LEADER | |
|---|---|
| fixed length control field | 00598nam a2200193 4500 |
| 001 - CONTROL NUMBER | |
| control field | 3469 |
| 005 - DATE AND TIME OF LATEST TRANSACTION | |
| control field | 20181127171252.0 |
| 010 00 - LIBRARY OF CONGRESS CONTROL NUMBER | |
| LC control number | |
| 020 00 - INTERNATIONAL STANDARD BOOK NUMBER | |
| International Standard Book Number | 9780071078405 |
| 090 00 - LOCALLY ASSIGNED LC-TYPE CALL NUMBER (OCLC); LOCAL CALL NUMBER (RLIN) | |
| Classification number (OCLC) (R) ; Classification number, CALL (RLIN) (NR) | 658.15 C45616f 2012 |
| 100 00 - MAIN ENTRY--PERSONAL NAME | |
| Personal name | Chandra, Prasanna. |
| 245 00 - TITLE STATEMENT | |
| Title | Financial management : |
| Remainder of title | Theory and practice / |
| Statement of responsibility, etc. | Prasanna Chandra. |
| Medium | |
| 250 00 - EDITION STATEMENT | |
| Edition statement | 8th ed. |
| 260 00 - PUBLICATION, DISTRIBUTION, ETC. | |
| Place of publication, distribution, etc. | New Delhi : |
| Name of publisher, distributor, etc. | Tata McGraw Hill Education Private Limited, |
| Date of publication, distribution, etc. | 2012. |
| 300 00 - PHYSICAL DESCRIPTION | |
| Extent | 1062 p. ; 23 cm. |
| Accompanying material | + 1 CD-ROM (4 3/4 in.) |
| 500 00 - GENERAL NOTE | |
| General note | CD Available to Accompany Text. |
| 650 00 - SUBJECT ADDED ENTRY--TOPICAL TERM | |
| Topical term or geographic name entry element | Business enterprises Finance. |
| General subdivision | |
| Topical term or geographic name entry element | Corporations Finance. |
| General subdivision | |
| Withdrawn status | Lost status | Source of classification or shelving scheme | Damaged status | Not for loan | Collection code | Home library | Current library | Shelving location | Date acquired | Serial Enumeration / chronology | Full call number | Barcode | Date last seen | Price effective from | Koha item type | Inventory number | Total Checkouts | Date last checked out | Copy number |
|---|---|---|---|---|---|---|---|---|---|---|---|---|---|---|---|---|---|---|---|
| Dewey Decimal Classification | Desk | RTC Library | RTC Library | Desk | 19/03/2021 | 658.15 CHA | 30005537 | 27/11/2018 | 27/11/2018 | Desk (DVD/CD) | |||||||||
| Dewey Decimal Classification | Main TEST | RTC Library | RTC Library | Main opac | 11/05/2021 | 658.15 CHA | 30012696 | 03/12/2021 | 27/11/2018 | Main | 11991 | 4 | 08/09/2021 | 2 | |||||
| Dewey Decimal Classification | Desk | RTC Library | RTC Library | Desk | 19/03/2021 | 658.15 CHA | 30012694 | 21/08/2024 | 27/11/2018 | Desk (DVD/CD) | 1 | 21/08/2024 | |||||||
| Dewey Decimal Classification | CE Textbook | RTC Library | RTC Library | CE Textbook | 12/12/2022 | 17575 | 658.15 CHA c.2 | 30016663 | 12/12/2022 | 12/12/2022 | CE Textbook | ||||||||
| Dewey Decimal Classification | CE Textbook | RTC Library | RTC Library | CE Textbook | 12/12/2022 | 17574 | 658.15 CHA c.1 | 30016583 | 12/12/2022 | 12/12/2022 | CE Textbook |